ロード中...

തിരുവിളയാടല്‍ അഥവാ ശ്രീ അവിട്ടം തിരുനാള്‍

書誌詳細
主要な著者: കെ വി പിള്ള, K V Pillai
フォーマット: Printed Book
出版事項: Thiruvananthapuram; P K Madavan Pillai & Sons & Chandra Press & Book Depot; 1940
版:1st
主題:
LEADER 00897nam a22001817a 4500
082 |a 894.M1  |b PIL/T H0 
100 |a കെ വി പിള്ള;  |9 46566 
100 |a K V Pillai  |9 46567 
240 |a Thiruvilayadal adava sree avittam thirunal 
245 |a തിരുവിളയാടല്‍ അഥവാ ശ്രീ അവിട്ടം തിരുനാള്‍ 
250 |a 1st 
260 |a Thiruvananthapuram;  |b P K Madavan Pillai & Sons & Chandra Press & Book Depot;  |c 1940 
300 |a 100p. 
650 |a മലയാളം; മലയാളം സാഹിത്യം; മലയാളം കവിതകള്‍  |9 288531 
650 |a Malayalam; Malayalam Literature; Malayalam Poetry  |9 288532 
942 |c BK 
999 |c 42799  |d 42799 
952 |0 0  |1 0  |4 0  |6 894_000000000000000_M1_PIL_T_H0  |7 0  |8 POE  |9 49151  |a MAL  |b MAL  |d 2015-08-13  |e 21596  |l 0  |o 894.M1 PIL/T H0  |p MAL021596  |r 2015-08-13  |t 1  |w 2015-08-13  |y BK